| 000 | 00388nam a2200133Ia 4500 | ||
|---|---|---|---|
| 008 | 230917s9999||||xx |||||||||||||| ||und|| | ||
| 040 |
_e94125 _aMAIN |
||
| 041 | _aEnglish | ||
| 082 | _a610 B227D | ||
| 100 | _aBansal, Sanjay | ||
| 245 | 0 | _aDose response relationship of chronic alcohol intake with serum high density lipoprotein (HDL) cholesterol level | |
| 300 | _a111 p. | ||
| 942 | _cTH | ||
| 999 |
_c86505 _d86505 |
||